Az erkölcsi értékek mai problémai

Elmentve itt :
Bibliográfiai részletek
Szerző: Szebenyi Tivadar
További közreműködők: nincs megadva (Témavezető)
Dokumentumtípus: Szakdolgozat
Megjelent: 1985
Tárgyszavak:
Online Access:http://diploma.bibl.u-szeged.hu/21243
LEADER 00552nta a2200157 i 4500
001 dipl21243
005 20130314080619.0
008 111105s1985 hu om 0|| zxx d
040 |a SZTE Diploma Repozitórium  |b hun 
041 |a zxx 
100 1 |a Szebenyi Tivadar 
245 1 3 |a Az erkölcsi értékek mai problémai  |h [elektronikus dokumentum] /  |c Tivadar Szebenyi 
260 |c 1985 
650 4 |a Jogi és igazgatási tanulmányok 
700 1 |a nincs megadva  |e ths 
856 4 0 |u http://diploma.bibl.u-szeged.hu/id/eprint/21243/1/1985_szebenyi_tivadar.pdf  |z Dokumentum-elérés